[Event "Hessen-ch qual-D"]
[Site "Erlensee"]
[Date "2007.04.06"]
[Round "1"]
[White "Zwier, Holger"]
[Black "Baumann, Wolfgang1111"]
[Result "0-1"]
[WhiteElo "1530"]
[BlackElo "1611"]
[PlyCount "124"]
[EventDate "2007.04.06"]
[EventType "swiss"]
[EventRounds "5"]
[EventCountry "GER"]
[SourceTitle "CBM 117 Extra"]
[Source "ChessBase"]
[SourceDate "2007.05.09"]
[SourceVersion "1"]
[SourceVersionDate "2007.05.09"]
[SourceQuality "1"]

1. e4 e6 2. d4 d5 3. exd5 exd5 4. Nf3 Bd6 5. Nc3 Ne7 6. Bg5 f6 7. Be3 c6 8. Bd3 0-0 9. h3 Bf5 10. 0-0 Qd7 11. Bxf5 Nxf5 12. Qd2 Na6 13. Rae1 Rae8 14. Bf4 Bxf4 15. Qxf4 Nd6 16. a3 Nc4 17. Nd1 Rf7 18. Rxe8+ Qxe8 19. Re1 Re7 20. Rxe7 Qxe7 21. Kf1 Qe4 22. Qc1 Nd6 23. Nc3 Qf5 24. Ne2 Kf7 25. Ng3 Qe6 26. c3 Ne4 27. Ne2 Nc7 28. Qf4 Qe7 29. Ne5+ Kg8 30. Ng4 Nd6 31. Ng3 Ne6 32. Qc1 Ng5 33. f3 Kf7 34. Qc2 Kg8 35. h4 Ngf7 36. Kf2 Qe6 37. Ne3 g6 38. Qd2 Kg7 39. Qd3 f5 40. Ne2 Qf6 41. g3 h6 42. Nf4 Nd8 43. Kg2 Ne6 44. Ne2 Qf7 45. b3 f4 46. Nxf4 Nxf4+ 47. gxf4 Qxf4 48. Ng4 Nf5 49. Ne5 Nxh4+ 50. Kf1 Nf5 51. Kg2 h5 52. Kf2 Qg3+ 53. Ke2 h4 54. f4 Qg2+ 55. Ke1 h3 56. Nf3 h2 57. Nxh2 Qxh2 58. Qf1 Qg3+ 59. Kd2 Qe3+ 60. Kc2 Kf6 61. b4 Nd6 62. a4 Nc4 0-1